Konstrukční vady socialistické ekonomiky: diskuse ve 30. letech a pokus o reformu y 60. let

Pohľad na 30. roky z pozície reforiem rokov šesťdesiatych. Hlavné handicapy československej plánovanej ekonomiky. Konštrukčné vady systému centrálneho plánovania.

Uložené v:
Podrobná bibliografia
Hlavný autor: Turek, Otakar
Médium: Kapitola
Jazyk:Czech
Predmet:
Tagy: Pridať tag
Žiadne tagy, Buďte prvý, kto otaguje tento záznam!

MARC

LEADER 00000naa a2200000 4500
001 0121698
005 20220713130717.6
041 0 |a cze 
044 |a CZ 
245 1 0 |a Konstrukční vady socialistické ekonomiky: diskuse ve 30. letech a pokus o reformu y 60. let  |c Otakar Turek 
520 |a Pohľad na 30. roky z pozície reforiem rokov šesťdesiatych. Hlavné handicapy československej plánovanej ekonomiky. Konštrukčné vady systému centrálneho plánovania. 
610 2 0 |a Slovensko 
610 2 0 |a socializmus 
610 2 0 |a Česko 
610 2 0 |a kritika 
610 2 0 |a plánovanie 
610 2 0 |a reformy hospodárske 
610 2 0 |a centralizmus 
100 1 |a Turek, Otakar